000 00835nam2a2200253 4500
001 RU\NLR\bibl\1678461
005 20250616050706.0
035 _a(NLR-PROSOFT19V)rc\2107413
035 _a(NLR Aleph) 001669680
090 _a1033432
_c1033432
100 _a20090914d1819 |||y0rusy50 ca
101 0 _arus
102 _aRU
105 _ay z |||||
200 0 _aЧ. 3
215 _a[2], 238 с.
325 1 _aМикрофильм РНБ Репроцентр Санкт-Петербург, 2010. Шифр: Мф К1/35844-3-4
461 0 _1001RU\NLR\bibl\1678457
_12001#$aНовый пантеон отечественной и иностранной словесности$vЧ. 3
801 0 _aRU
_bNLR
_c20090914
801 1 _aRU
_bNLR
_c20100927
852 _aNLR
_j138/1006
852 _aNLR
_j18.302.6.55
942 _cBOOK
980 _aNB